000 00606nam a2200169 4500
001 122685
003 ES-MaACL
005 20230906192026.0
007 t|
008 070214s1976 sp r ||||1| cat d
111 2 _aCol-loqui Internacional sobre el Catalá (
_n2º.
_d1970.
_cAmsterdam)
_9218930
245 1 0 _aProblemes de lengua i literatura catalanes
_b: Actes del II Col-loqui Internacional sobre el Cataláa, Amsterdam, 1970.
260 _aMontserrat :
_bPublicacions de l'Abadia de Montserrat,
_c1976.
300 _a376 p. ;
_c21 cm.
852 _aES-MaACL
_jA-6104
_bR.95055
999 _c122685
_d122685